[Event "Belgrade Trophy 21st"]
[Site "Obrenovac"]
[Date "2008.12.02"]
[Round "6"]
[White "Laverton, Christian"]
[Black "Lisicic, Nenad"]
[Result "1/2-1/2"]
[WhiteElo "1973"]
[BlackElo "2181"]
[PlyCount "23"]
[EventDate "2008.11.27"]
[EventType "swiss"]
[EventRounds "9"]
[EventCountry "YUG"]
[SourceTitle "CBM 127 Extra"]
[Source "ChessBase"]
[SourceDate "2009.01.08"]
[SourceVersion "2"]
[SourceVersionDate "2009.01.28"]
[SourceQuality "1"]

1. d4 d6 2. Nf3 f5 3. g3 Nf6 4. Bg2 g6 5. c4 Bg7 6. 0-0 0-0 7. Nc3 c6 8. d5 Qe8 9. Nd4 Bd7 10. h3 Na6 11. Be3 Nc7 12. Qb3 1/2-1/2

[Event "Belgrade Winter op"]
[Site "Belgrade"]
[Date "2008.01.24"]
[Round "3"]
[White "Lisicic, Nenad"]
[Black "Martic, Ivan"]
[Result "1-0"]
[WhiteElo "2157"]
[BlackElo "2324"]
[PlyCount "127"]
[EventDate "2008.01.22"]
[EventType "swiss"]
[EventRounds "9"]
[EventCountry "YUG"]
[SourceTitle "CBM 122 Extra"]
[Source "ChessBase"]
[SourceDate "2008.03.04"]
[SourceVersion "1"]
[SourceVersionDate "2008.03.04"]
[SourceQuality "1"]

1. c4 c5 2. Nf3 Nf6 3. g3 b6 4. Bg2 Bb7 5. 0-0 e6 6. Nc3 d6 7. d4 cxd4 8. Qxd4 Be7 9. Rd1 a6 10. Bg5 Nbd7 11. Rac1 h6 12. Bxf6 Nxf6 13. Nd2 Bxg2 14. Kxg2 Ra7 15. Nde4 Rd7 16. Rd2 0-0 17. Rcd1 Qc7 18. Qd3 Ng4 19. f4 Rc8 20. h3 Nf6 21. Nxf6+ Bxf6 22. Ne4 Be7 23. b3 Qc6 24. Qf3 b5 25. cxb5 axb5 26. f5 d5 27. Qg4 exf5 28. Qxf5 Qe6 29. g4 g6 30. Qxe6 fxe6 31. Ng3 Bb4 32. Rd4 Bc3 33. R4d3 b4 34. Rc1 Rdc7 35. e4 d4 36. Ne2 e5 37. Ng1 Ra8 38. Rc2 Rca7 39. Nf3 Rxa2 40. Rxa2 Rxa2+ 41. Kh1 Ra5 42. g5 Kg7 43. Kg2 hxg5 44. Nxg5 Ra2+ 45. Kf1 Bd2 46. Ne6+ Kh6 47. Rf3 Ra6 48. Nc5 Ra1+ 49. Ke2 Bc3 50. Kd3 Rd1+ 51. Kc4 Re1 52. Rd3 Kg5 53. Kd5 Kh4 54. Kxe5 Re3 55. Kf4 g5+ 56. Kf5 Re1 57. e5 Rf1+ 58. Ke4 Re1+ 59. Kd5 Kh5 60. e6 Kg6 61. Nd7 Re3 62. Ne5+ Kf5 63. Rxe3 dxe3 64. e7 1-0